000 00278nam a2200133Ia 4500
100 _aJohnson/Philip/M
942 _cBK
654 _aMetal
245 _aSheet Metal Book II
260 _bTaraporevala Sons & Co
_c2001
082 _a671.8
300 _a198
546 _aENGLISH
999 _c25203
_d25203